[Event "MCR mladeze 2020"]
[Site "?"]
[Date "2020.03.12"]
[Round "7.1"]
[White "Buchta, Bartolomej"]
[Black "Nemec, Jachym"]
[Result "0-1"]
[BlackElo "2108"]
[WhiteElo "1508"]
[LiveChessVersion "1.4.8"]

1. e4 {[%clk 1:30:58]} c5 {[%clk 1:30:55]} 2. Nf3 {[%clk 1:31:21]} Nc6
{[%clk 1:31:19]} 3. d4 {[%clk 1:31:42]} cxd4 {[%clk 1:31:44]} 4. Nxd4
{[%clk 1:32:07]} Nf6 {[%clk 1:32:08]} 5. Nc3 {[%clk 1:32:27]} e5 {[%clk 1:32:36]}
6. Ndb5 {[%clk 1:31:07]} d6 {[%clk 1:32:36]} 7. Bg5 {[%clk 1:30:17]} a6
{[%clk 1:33:00]} 8. Na3 {[%clk 1:30:43]} b5 {[%clk 1:33:26]} 9. Nd5
{[%clk 1:31:08]} Be7 {[%clk 1:33:51]} 10. Bxf6 {[%clk 1:31:20]} Bxf6
{[%clk 1:34:16]} 11. c3 {[%clk 1:31:24]} O-O {[%clk 1:34:24]} 12. Be2
{[%clk 1:29:59]} Rb8 {[%clk 1:33:01]} 13. Nc2 {[%clk 1:29:11]} a5
{[%clk 1:33:11]} 14. b4 {[%clk 1:27:06]} Be6 {[%clk 1:24:32]} 15. O-O
{[%clk 1:21:03]} Bxd5 {[%clk 1:23:27]} 16. Qxd5 {[%clk 1:21:09]} Ne7
{[%clk 1:22:40]} 17. Qd1 {[%clk 1:19:40]} d5 {[%clk 1:22:52]} 18. Bd3
{[%clk 1:18:41]} dxe4 {[%clk 1:22:20]} 19. Bxe4 {[%clk 1:19:01]} Qc7
{[%clk 1:22:45]} 20. Qd3 {[%clk 1:15:38]} g6 {[%clk 1:22:55]} 21. Rfc1
{[%clk 1:12:14]} Bg5 {[%clk 1:22:46]} 22. Ne3 {[%clk 1:10:28]} Rfd8
{[%clk 1:21:24]} 23. Qc2 {[%clk 1:06:50]} f5 {[%clk 1:21:26]} 24. Bf3
{[%clk 1:04:20]} e4 {[%clk 1:21:37]} 25. Bd1 f4 {[%clk 1:21:15]} 26. h4
{[%clk 0:58:56]} fxe3 {[%clk 1:20:58]} 27. hxg5 {[%clk 0:58:01]} Rd2
{[%clk 1:21:22]} 28. Qxe4 {[%clk 0:52:34]} exf2+ {[%clk 1:21:47]} 29. Kf1
{[%clk 0:52:54]} Nf5 {[%clk 1:22:00]} 30. Qe6+ {[%clk 0:50:52]} Qf7
{[%clk 1:21:27]} 31. Qxf7+ {[%clk 0:48:21]} Kxf7 {[%clk 1:21:51]} 32. Be2
{[%clk 0:47:34]} Re8 {[%clk 1:21:48]} 33. g4 {[%clk 0:47:35]} Ne3+
{[%clk 1:21:32]} 34. Kxf2 {[%clk 0:47:28]} Nc2 {[%clk 1:21:58]} 35. Rf1
{[%clk 0:46:52]} Nxa1 {[%clk 1:21:58]} 36. Kg3+ {[%clk 0:47:06]} Kg7
{[%clk 1:22:23]} 37. Bxb5 {[%clk 0:47:05]} Re3+ {[%clk 1:22:28]} 38. Kf4
{[%clk 0:47:15]} Rxc3 {[%clk 1:22:53]} 39. Rxa1 {[%clk 0:45:46]} Rd4+
{[%clk 1:23:18]} 40. Ke5 {[%clk 0:45:57]} Rxb4 {[%clk 1:23:43]} 41. Bf1
{[%clk 0:44:58]} Rxg4 {[%clk 1:23:56]} 42. Rb1 {[%clk 0:44:58]} Rxg5+
{[%clk 1:24:04]} 43. Kd4 {[%clk 0:45:10]} Ra3 {[%clk 1:23:58]} 44. Rb7+
{[%clk 0:45:30]} Kh6 {[%clk 1:24:23]} 45. Rb2 {[%clk 0:45:17]} Rf5
{[%clk 1:24:24]} 46. Ba6 {[%clk 0:44:55]} Rf4+ {[%clk 1:24:40]} 47. Ke5
{[%clk 0:45:14]} Rf5+ {[%clk 1:24:55]} 48. Ke4 {[%clk 0:45:15]} Ra4+
{[%clk 1:24:54]} 49. Ke3 {[%clk 0:45:29]} Kg5 {[%clk 1:24:56]} 50. Bc8
{[%clk 0:45:16]} Re5+ {[%clk 1:25:18]} 51. Kd3 {[%clk 0:45:35]} h5
{[%clk 1:25:38]} 52. Rg2+ {[%clk 0:45:47]} Kh6 53. Bb7 {[%clk 0:45:43]} Rf4
{[%clk 1:26:17]} 54. Bc6 {[%clk 0:45:39]} h4 {[%clk 1:26:41]} 55. Rh2
{[%clk 0:44:52]} g5 {[%clk 1:26:53]} 0-1

[Event "MCR mladeze 2020"]
[Site "?"]
[Date "2020.03.12"]
[Round "7.3"]
[White "Brozka, Karel"]
[Black "Fizer, Marek"]
[Result "1/2-1/2"]
[BlackElo "1907"]
[WhiteElo "2013"]
[LiveChessVersion "1.4.8"]

1. d4 {[%clk 1:30:52]} e6 {[%clk 1:30:52]} 2. Nf3 {[%clk 1:30:58]} f5
{[%clk 1:31:09]} 3. Nc3 {[%clk 1:30:52]} Nf6 {[%clk 1:31:15]} 4. Bg5
{[%clk 1:31:04]} c6 {[%clk 1:31:00]} 5. Bxf6 {[%clk 1:29:04]} Qxf6
{[%clk 1:30:16]} 6. e4 {[%clk 1:28:27]} d5 {[%clk 1:27:07]} 7. exf5
{[%clk 1:25:00]} exf5 {[%clk 1:25:08]} 8. Ne5 {[%clk 1:19:27]} Bd6
{[%clk 1:19:55]} 9. f4 {[%clk 1:18:44]} O-O {[%clk 1:18:11]} 10. Qf3
{[%clk 1:13:51]} Be6 {[%clk 1:06:59]} 11. Bd3 {[%clk 1:08:42]} Nd7
{[%clk 1:03:35]} 12. O-O {[%clk 1:07:32]} Rae8 {[%clk 1:01:06]} 13. Rae1
{[%clk 1:06:21]} Qd8 {[%clk 0:59:03]} 14. Qf2 Nf6 {[%clk 0:55:27]} 15. h3
{[%clk 0:47:07]} Ne4 {[%clk 0:52:03]} 16. Nxe4 {[%clk 0:36:53]} dxe4
{[%clk 0:42:51]} 17. Bc4 {[%clk 0:33:33]} Bxc4 {[%clk 0:38:02]} 18. Nxc4
{[%clk 0:33:50]} Bc7 {[%clk 0:35:46]} 19. c3 {[%clk 0:30:49]} Qd5
{[%clk 0:32:02]} 20. Qe2 {[%clk 0:28:41]} Kh8 {[%clk 0:24:17]} 21. h4
{[%clk 0:22:22]} Re6 {[%clk 0:19:05]} 22. Ne5 {[%clk 0:18:38]} c5
{[%clk 0:18:27]} 23. Rd1 {[%clk 0:17:56]} cxd4 {[%clk 0:18:45]} 24. Rxd4
{[%clk 0:13:08]} Bb6 {[%clk 0:18:56]} 25. Rfd1 {[%clk 0:13:34]} Bxd4+
{[%clk 0:17:50]} 26. Rxd4 {[%clk 0:13:57]} Rxe5 {[%clk 0:16:55]} 27. fxe5
{[%clk 0:11:58]} Qxe5 {[%clk 0:17:16]} 28. Qe3 {[%clk 0:12:02]} Re8
{[%clk 0:09:18]} 29. g3 {[%clk 0:11:38]} a6 {[%clk 0:08:25]} 30. a3
{[%clk 0:10:26]} h6 {[%clk 0:08:00]} 31. Kg2 {[%clk 0:08:03]} Qb5
{[%clk 0:07:03]} 32. b4 {[%clk 0:03:42]} Rc8 {[%clk 0:06:18]} 33. g4
{[%clk 0:02:40]} Rf8 {[%clk 0:05:09]} 34. gxf5 {[%clk 0:01:53]} Qxf5
{[%clk 0:05:28]} 35. Rxe4 {[%clk 0:02:12]} Qg6+ {[%clk 0:04:16]} 36. Kh2
{[%clk 0:01:05]} Rf2+ {[%clk 0:04:18]} 1/2-1/2

[Event "MCR mladeze 2020"]
[Site "?"]
[Date "2020.03.12"]
[Round "7.4"]
[White "Zelba, Lukas"]
[Black "Tichy, Tomas"]
[Result "1-0"]
[BlackElo "1516"]
[WhiteElo "1727"]
[LiveChessVersion "1.4.8"]

1. Nf3 {[%clk 1:30:52]} Nf6 {[%clk 1:30:50]} 2. c4 {[%clk 1:30:01]} e6
{[%clk 1:30:31]} 3. g3 {[%clk 1:29:10]} d5 {[%clk 1:30:35]} 4. Bg2
{[%clk 1:29:13]} Be7 {[%clk 1:30:02]} 5. O-O {[%clk 1:29:03]} O-O
{[%clk 1:30:05]} 6. Qc2 {[%clk 1:28:32]} a6 {[%clk 1:27:10]} 7. d3
{[%clk 1:28:08]} c5 {[%clk 1:23:10]} 8. a3 {[%clk 1:26:34]} Nbd7 {[%clk 1:21:48]}
9. Bd2 {[%clk 1:26:26]} dxc4 {[%clk 1:18:59]} 10. dxc4 {[%clk 1:26:28]} Qc7
{[%clk 1:13:54]} 11. Nc3 {[%clk 1:25:34]} Nb6 {[%clk 1:11:11]} 12. Bf4
{[%clk 1:24:08]} Bd6 {[%clk 1:11:00]} 13. Bxd6 {[%clk 1:24:30]} Qxd6
{[%clk 1:11:26]} 14. Ne4 {[%clk 1:24:32]} Nxe4 {[%clk 1:10:38]} 15. Qxe4
{[%clk 1:24:54]} Qc7 {[%clk 1:07:08]} 16. Ng5 {[%clk 1:21:13]} g6
{[%clk 1:05:47]} 17. Qc2 {[%clk 1:20:48]} Bd7 {[%clk 1:03:23]} 18. e4
{[%clk 1:15:47]} Bc6 {[%clk 1:00:38]} 19. b3 {[%clk 1:11:38]} Rad8
{[%clk 0:57:58]} 20. Rad1 {[%clk 1:10:05]} Rxd1 {[%clk 0:53:40]} 21. Rxd1
{[%clk 1:10:28]} Rd8 {[%clk 0:53:25]} 22. e5 {[%clk 1:04:07]} Bxg2
{[%clk 0:46:35]} 23. Kxg2 {[%clk 1:04:27]} Rd7 {[%clk 0:43:04]} 24. Rxd7
{[%clk 1:00:23]} Qxd7 {[%clk 0:43:31]} 25. Ne4 {[%clk 1:00:45]} Qc6
{[%clk 0:40:59]} 26. Qd3 {[%clk 0:58:06]} Nd7 {[%clk 0:38:25]} 27. f3
{[%clk 0:51:29]} h5 {[%clk 0:31:45]} 28. Qxd7 {[%clk 0:51:39]} Qb6
{[%clk 0:30:16]} 29. Nf6+ {[%clk 0:51:58]} Kg7 {[%clk 0:30:09]} 30. Ne8+
{[%clk 0:47:18]} Kg8 {[%clk 0:29:05]} 31. Nd6 {[%clk 0:47:43]} Qxb3
{[%clk 0:28:43]} 32. Qxf7+ {[%clk 0:48:07]} Kh8 {[%clk 0:29:03]} 33. Qxg6
{[%clk 0:48:32]} Qb2+ {[%clk 0:28:32]} 34. Kh3 {[%clk 0:48:55]} Qxa3
{[%clk 0:27:55]} 35. Nf7# 1-0

[Event "MCR mladeze 2020"]
[Site "?"]
[Date "2020.03.12"]
[Round "7.5"]
[White "Hladky, Tadeas"]
[Black "Soucek, Jan"]
[Result "1-0"]
[BlackElo "1872"]
[WhiteElo "1773"]
[LiveChessVersion "1.4.8"]

1. e4 {[%clk 1:30:59]} e5 {[%clk 1:30:41]} 2. Nf3 {[%clk 1:31:25]} Nc6
{[%clk 1:30:53]} 3. d4 {[%clk 1:31:47]} exd4 {[%clk 1:31:18]} 4. Nxd4
{[%clk 1:32:12]} Nf6 {[%clk 1:31:41]} 5. Nc3 {[%clk 1:32:38]} Bb4
{[%clk 1:31:57]} 6. Nxc6 {[%clk 1:32:57]} bxc6 {[%clk 1:32:18]} 7. Bd3
{[%clk 1:33:25]} O-O {[%clk 1:30:23]} 8. O-O {[%clk 1:33:50]} Re8
{[%clk 1:17:22]} 9. Re1 {[%clk 1:25:11]} Rb8 {[%clk 1:08:37]} 10. Bg5
{[%clk 1:21:36]} Be7 {[%clk 1:03:24]} 11. Rb1 {[%clk 1:18:52]} h6
{[%clk 0:56:02]} 12. Be3 {[%clk 1:15:36]} a5 {[%clk 0:54:17]} 13. h3
{[%clk 1:12:27]} Bf8 {[%clk 0:48:11]} 14. Bd2 {[%clk 0:54:59]} d6
{[%clk 0:36:24]} 15. f4 {[%clk 0:49:12]} Bb7 {[%clk 0:32:22]} 16. Qf3
{[%clk 0:46:11]} Re7 {[%clk 0:13:35]} 17. Nd1 {[%clk 0:43:19]} c5
{[%clk 0:09:39]} 18. Nf2 {[%clk 0:37:40]} Qd7 {[%clk 0:03:54]} 19. Bc3
{[%clk 0:33:01]} Rbe8 {[%clk 0:03:18]} 20. Bxf6 {[%clk 0:33:03]} gxf6
{[%clk 0:03:47]} 21. Ng4 {[%clk 0:32:41]} Bg7 {[%clk 0:04:03]} 22. Qg3
{[%clk 0:33:03]} Kh7 {[%clk 0:00:45]} 23. Nxf6+ {[%clk 0:30:37]} Bxf6
{[%clk 0:01:14]} 24. e5+ {[%clk 0:30:57]} Kh8 {[%clk 0:01:41]} 25. exf6
{[%clk 0:31:23]} Rxe1+ {[%clk 0:01:38]} 26. Rxe1 {[%clk 0:31:52]} Rg8
{[%clk 0:01:55]} 27. Qh4 {[%clk 0:32:05]} Rxg2+ {[%clk 0:00:40]} 28. Kf1
{[%clk 0:32:33]} Rg6 {[%clk 0:00:31]} 29. Bxg6 {[%clk 0:32:52]} fxg6
{[%clk 0:00:47]} 30. Qxh6+ {[%clk 0:32:57]} Kg8 {[%clk 0:01:14]} 31. Re8+
{[%clk 0:33:18]} Kf7 {[%clk 0:01:15]} 32. Re7+ 1-0

[Event "MCR mladeze 2020"]
[Site "?"]
[Date "2020.03.12"]
[Round "7.6"]
[White "Day, Tobias"]
[Black "Jasso, Matej"]
[Result "1-0"]
[BlackElo "1582"]
[WhiteElo "1837"]
[LiveChessVersion "1.4.8"]

1. e4 {[%clk 1:30:54]} d6 {[%clk 1:30:19]} 2. d4 {[%clk 1:30:24]} Nf6
{[%clk 1:30:39]} 3. Nc3 {[%clk 1:30:47]} g6 {[%clk 1:31:03]} 4. Nf3
{[%clk 1:30:46]} Bg7 {[%clk 1:31:22]} 5. Be2 {[%clk 1:29:45]} c6 {[%clk 1:31:20]}
6. h3 {[%clk 1:29:58]} O-O {[%clk 1:31:39]} 7. Be3 {[%clk 1:29:40]} b5
{[%clk 1:31:48]} 8. a3 {[%clk 1:26:32]} Qc7 {[%clk 1:29:10]} 9. O-O
{[%clk 1:26:14]} Nbd7 {[%clk 1:28:36]} 10. Nd2 {[%clk 1:23:30]} Re8
{[%clk 1:25:34]} 11. f4 {[%clk 1:22:03]} a6 {[%clk 1:21:28]} 12. Qe1
{[%clk 1:18:26]} e5 {[%clk 1:19:20]} 13. dxe5 {[%clk 1:17:14]} dxe5
{[%clk 1:19:25]} 14. f5 {[%clk 1:17:27]} Bb7 {[%clk 1:17:36]} 15. g4
{[%clk 1:16:57]} c5 {[%clk 1:16:45]} 16. g5 {[%clk 1:16:23]} b4 {[%clk 1:16:38]}
17. gxf6 {[%clk 1:13:33]} bxc3 {[%clk 1:16:57]} 18. bxc3 {[%clk 1:13:42]} Nxf6
{[%clk 1:15:12]} 19. Qh4 {[%clk 1:11:41]} Qa5 {[%clk 1:10:30]} 20. fxg6
{[%clk 1:10:01]} hxg6 {[%clk 1:06:10]} 21. Rab1 {[%clk 1:06:06]} Ra7
{[%clk 1:01:11]} 22. Rxf6 {[%clk 1:05:01]} Bxf6 {[%clk 1:00:04]} 23. Qxf6
{[%clk 1:05:26]} Re6 {[%clk 1:00:30]} 24. Qf2 {[%clk 1:05:23]} Qc7
{[%clk 0:56:45]} 25. Bc4 {[%clk 1:05:07]} Rd6 {[%clk 0:55:40]} 26. Rf1
{[%clk 1:03:53]} Rd7 {[%clk 0:55:03]} 27. Qf6 {[%clk 1:02:49]} Kh7
{[%clk 0:47:55]} 28. Bxf7 {[%clk 1:02:00]} Bxe4 {[%clk 0:47:37]} 29. Qh4+
{[%clk 1:01:48]} 1-0